LEADER 02052nam a2200385 a 4500 001 000000116047 003 CaOOAMICUS 005 20110927101153.0 008 090609s1522 it u000 u lat r 026 $aodst iuro$bq*ad bibi (3)$c1522 (A) 040 $aPUL$bita$delep 110 2 $aPapi (1522-1523 : Hadrianus PP. VI).$0(OLS)http://pul/name/80446 245 10$aAdriani Sexti Pont. max. praeclarissime quaestiones quolibeticae accuratius noviter impressa:adiecto omnium et principalium et incidentium quaestionum amplissimo indice. 260 $e(impressum ... Venetiis :$fLuceantonij de Giunta Florentini,$g1522) 300 $a75, [6] c. ;$cfol. (29 cm) 500 $aTesto su colonne. 500 $aSegnatura: a-i8 k10. 500 $aIniziali xil. 500 $aGotica. 500 $aStemma papale sul front. 500 $aPresenza di registro sul colophon. 500 $aNote in margine al testo. 500 $aMarca tipografica sul coloph.: Giglio fiorentino e iniziali L.A. (K223 - Z623). 662 $aItalia$dVenezia.$0(OLS)http://pul/subject/34951 710 0 $aGiunta, Lucantonio I,$d1501-1538$4pbl.$0(OLS)http://pul/name/72048 850 $aPUL 852 $aPUL$W1$xDP1 Antico 500$y12$m48 A 25$j132982$qStampati Antico$B131983$CPULBib$Z2$F131983 $82 856 0$uhttp://aquabrowser.pul.it/cinquecentine/48A25-1.jpg 856 0$uhttp://aquabrowser.pul.it/cinquecentine/48A25-2.jpg 900 $aHadrianus PP.$bVI,$d1459-1523$980446 900 $aHadrianus PP.$bVI,$d1459-1523$980446 941 1 $a15 961 $aPrecedenti collocazioni: 19 DI 17; Int P 3.Precedente appartenenza: Collegio Germanico - Bibl. Sup. Note mss. sul front.: SS Simonis [?]Stemma dell'ordine dei Gesuiti (JHS) sul dorso.Stemma di Gregorio XIII sul dorso. 996 $6245$aAdriani Sexti Pont. max. praeclarissime quaestiones quolibeticae accuratius noviter impressa:adiecto omnium et principalium et incidentium quaestionum amplissimo indice.$9(OLS)http://pul/title/145843 996 $6260$a[S.l.] :$b[s.n.]$9(OLS)http://pul/publisher/0 LEADER 01342nam a2200301 a 4500 001 000000129048 003 CaOOAMICUS 005 20120523165502.0 008 120523s2012 it u000 u ita r 020 $z9788889845639* 040 $aPUL$bita 082 04$a364 100 1 $aManco, Elisa.$0(OLS)http://pul/name/82575 245 13$aLo psicologo in tribunale :$bla consulenza tecnica in materia di separazione, divorzio e affidamento dei figli minori /$cElisa Manco. 260 $aFrancavilla al Mare :$bPsiconline,$c2012. 300 $a302 p. ;$c21 cm. 490 1 $aStrumenti 504 $aBibliografia: p. 297-302. 650 4$aPsicologia giudiziaria.$0(OLS)http://pul/subject/38702 830 0$aStrumenti (Psiconline).$0(OLS)http://pul/title/163059 850 $aPUL 852 $aPUL$W1$xSL Diritto e Scienze Sociali 3$y79$m364 MANEL 1$j149427$qDDC 21$B147963$CPULBib$Z2$F147963 $H119841 $82 941 1 $a9 996 $6020$z9788889845639*$9(OLS)http://pul/number/149806 996 $6082$a364$9(OLS)http://pul/classification/2136 996 $6245$aLo psicologo in tribunale :$bla consulenza tecnica in materia di separazione, divorzio e affidamento dei figli minori$9(OLS)http://pul/title/163058 996 $6260$aFrancavilla al Mare :$bPsiconline$9(OLS)http://pul/publisher/82001